000 01043nam a2200301Ia 4500
001 Para_5727
003 CHAP
008 220125s1986 xx 000 0 und d
010 _a204157
040 _cCHAP
090 _aPA TESIS 61
100 _aCarcamo Rodríguez, Antonio
_924034
245 _aIdentificación del acaro Rhizoglyphus Spp. Acaridae-Astigmata que ataca al bulbo del ajo (Allium sativum L.) en la zona norte del estado de Puebla /
_c por Antonio Carcamo Rodríguez
260 _aChapingo, Méx. :
_b el autor
300 _a65h.
502 _aTesis (Ing. Agr. Esp. en Parasitología Agrícola) -- UACh. Departamento Parasitología Agrícola
650 _aAjo
_x plagas
_93206
650 _aAjo
_x Puebla
_93209
650 _aRhizoglyphus echinopus
_997135
710 _aUACh. Departamento Parasitología Agrícola
_9164025
901 _aPA TESIS 61
902 _aA
905 _a0000001986 a 0000000000 00
910 _a1986
942 _cPARA
942 _cPARA
_d1
999 _c204157
_d204157